Biología 2 : la diversidad de formas y unidad de patrones en los seres vivos /
Guardado en:
| Autor Principal: | |
|---|---|
| Formato: | Libro |
| Publicado: |
Buenos Aires :
Plus Ultra,
1987
|
| Edición: | 9a. ed. |
| Materias: | |
| Etiquetas: |
Agregar Etiqueta
Sin Etiquetas, Sea el primero en etiquetar este registro!
|
| LEADER | 01802nam a22003495a 4500 | ||
|---|---|---|---|
| 001 | CEM.cems006743 | ||
| 008 | 130507s1987##################000#0#####d | ||
| 005 | 20240815075007.0 | ||
| 245 | 1 | 0 | |a Biología 2 : |b la diversidad de formas y unidad de patrones en los seres vivos / |
| 250 | |a 9a. ed. | ||
| 260 | |a Buenos Aires : |b Plus Ultra, |c 1987 | ||
| 300 | |a 360 p. | ||
| 505 | 0 | |a La unidad constituciónal de los seres vivos. Captación y utilización de la materia y energia por los seres vivos. Coordinación y equilibrio de funciónes. Continuidad genetica de la vida | |
| 100 | 1 | |a Zarur, Pedro | |
| 082 | 0 | 4 | |a 574 |
| 653 | |a Biología | ||
| 653 | |a Biología 2do. año | ||
| 859 | |a CEMS |b BIB. CEMS - 11 de abril |h 574 |i Z19a9/II |p 13552.85 |t Ej.1 | ||
| 859 | |a CEMS |b BIB. CEMS - 11 de abril |h 574 |i Z19a9/II |p 13553.85 |t Ej.2 | ||
| 859 | |a CEMS |b BIB. CEMS - 11 de abril |h 574 |i Z19a9/II |p 13776.85 |t Ej.3 | ||
| 859 | |a CEMS |b BIB. CEMS - Agricultura |h 574 |i Z192 |p A13555.85 |t Ej.4 | ||
| 859 | |a CEMS |b BIB. CEMS - 11 de abril |h 574 |i Z19a9/II |p 13556.85 |t Ej.5 | ||
| 859 | |a CEMS |b BIB. CEMS - 11 de abril |h 574 |i Z19a9/II |p 14327.86 |t Ej.6 | ||
| 859 | |a CEMS |b BIB. CEMS - 11 de abril |h 574 |i Z19a9/II |p 15136.88 |t Ej.7 | ||
| 859 | |a CEMS |b BIB. CEMS - 11 de abril |h 574 |i Z19a9/II |p 15137.88 |t Ej.8 | ||
| 859 | |a CEMS |b BIB. CEMS - 11 de abril |h 574 |i Z19a9/II |p 15564.89 |t Ej.9 | ||
| 859 | |a CEMS |b BIB. CEMS - 11 de abril |h 574 |i Z19a9/II |p 15565.89 |t Ej.10 | ||
| 859 | |a CEMS |b BIB. CEMS - Agricultura |h 574 |i Z192 |p A15566.89 |t Ej.11 | ||
| 859 | |a CEMS |b BIB. CEMS - 11 de abril |h 574 |i Z19a9/II |p 15568.89 |t Ej.12 | ||
| 859 | |a CEMS |b BIB. CEMS - 11 de abril |h 574 |i Z19a9/II |p 15569.89 |t Ej.13 | ||
| 859 | |a CEMS |b BIB. CEMS - 11 de abril |h 574 |i Z19a9/II |p 13554.85 |t Ej.14 | ||
| 859 | |a CEMS |b BIB. CEMS - 11 de abril |h 574 |i Z19a9/II |p 17114.93 |t Ej.15 | ||
